Представление документа в формате RUSMARC

Поле Инд. ПП Название Значение
Тип записи a
Библиографический уровень a
001 Контрольный номер RU/REP/BASE/00008350
005 Дата корректировки 20181104132001.0
200 1_ a Заглавие Развитие гражданского законодательства, регулирующего правоотношения на потребительском рынке
f Первые сведения об ответственности Сулейманов С.М.
b Общее обозначение материала Текст
210 1_ d Дата издания 2015
461 _0 1 001RU/REP/BASE/00010629
1 2001
a Закон и право
463 _1 1 20002
a №2.
v С. 101-107
1 2101
d 2015
610 0_ a Ключевые слова ГРАЖДАНСКОЕ ПРАВО РФ, ГРАЖДАНСКОЕ ЗАКОНОДАТЕЛЬСТВО РФ, ЗАЩИТА ПРАВ ПОТРЕБИТЕЛЕЙ, ГРАЖДАНСКО-ПРАВОВАЯ ОТВЕТСТВЕННОСТЬ, ПОТРЕБИТЕЛЬСКОЕ ПРАВО
700 _1 a Фамилия Сулейманов
b Имя С.М.
901 t Тип документа b
w Контрольный № источника c9456fe3d2444746986eb94e0eb62037